Roman Numerals 3 - Statistics

General Stats
  • This quiz has been taken 50 times
  • The average score is 13 of 16
Answer Stats
Hint Answer % Correct
1 I
97%
400 CD
92%
101 CI
92%
11 XI
92%
530 DXXX
87%
628 DCXXVIII
84%
54 LIV
84%
78 LXXVIII
84%
135 CXXXV
82%
847 DCCCXLVII
82%
1928 MCMXXVIII
82%
821 DCCCXXI
79%
392 CCCXCII
76%
3333 MMMCCCXXXIII
76%
987 CMLXXXVII
74%
1485 MCDLXXXV
74%
No matching quizzes found
Score Distribution
Percent of People with Each Score
Percentile by Number Answered
Your Score History
You have not taken this quiz